Priame zahraničné investície v kontexte regionálnej politiky
Potreba skúmania priamych zahraničných investícií z hľadiska ich účinnosti v ekonomike ako aj ich vplyvu na regionálny rozvoj. Otázky účelnosti a efektívnosti investičnej podpory PZI v kontexte regionálnej politiky. Teoretické východiská štátnej regionálnej pomoci. Podpora PZI ako faktor regionálneh...
Na minha lista:
| Autor principal: | |
|---|---|
| Outros Autores: | |
| Formato: | Capítulo de Livro |
| Idioma: | eslovaco |
| Assuntos: | |
| Tags: |
Sem tags, seja o primeiro a adicionar uma tag!
|
MARC
| LEADER | 00000naa$a2200000$$$4500 | ||
|---|---|---|---|
| 001 | 0091592 | ||
| 005 | 20231103064952.4 | ||
| 041 | 0 | |a slo | |
| 044 | |a SK | ||
| 245 | 1 | 0 | |a Priame zahraničné investície v kontexte regionálnej politiky |c Mária Uramová, Zuzana Marcineková |
| 520 | |a Potreba skúmania priamych zahraničných investícií z hľadiska ich účinnosti v ekonomike ako aj ich vplyvu na regionálny rozvoj. Otázky účelnosti a efektívnosti investičnej podpory PZI v kontexte regionálnej politiky. Teoretické východiská štátnej regionálnej pomoci. Podpora PZI ako faktor regionálneho rozvoja. Návrh opatrení vo vzťahu k regionálnej politike. | ||
| 610 | 2 | 0 | |a politika regionálna |
| 610 | 2 | 0 | |a rozvoj regionálny |
| 610 | 2 | 0 | |a regióny |
| 610 | 2 | 0 | |a investície priame zahraničné |
| 610 | 2 | 0 | |a stimuly ekonomické |
| 610 | 2 | 0 | |a nezamestnanosť |
| 610 | 2 | 0 | |a sily pracovné |
| 610 | 2 | 0 | |a kvalifikácia |
| 610 | 2 | 0 | |a infraštruktúra |
| 610 | 2 | 0 | |a efektívnosť investícií |
| 100 | 1 | |a Uramová, Mária | |
| 700 | 1 | |a Marcineková, Zuzana | |